[Event "WC-2014-P-00011"]
[Site "LSS email"]
[Date "2014.02.03"]
[Round "?"]
[White "Bendig, Frank"]
[Black "Perepechenko, Vladislav"]
[Result "1-0"]
[WhiteElo "2220"]
[BlackElo "2174"]
[PlyCount "35"]
[EventDate "2014.02.10"]
[EventType "tourn (corr)"]
[EventRounds "12"]
[EventCountry "GER"]
[SourceTitle "Corr 2022"]
[Source "ChessBase"]
[SourceDate "2021.10.24"]
[SourceVersion "1"]
[SourceVersionDate "2021.10.24"]
[SourceQuality "1"]

1. Nf3 Nf6 2. g3 g6 3. Bg2 Bg7 4. 0-0 0-0 5. d4 d6 6. c4 Nbd7 7. Nc3 e5 8. dxe5 dxe5 9. h3 c6 10. Be3 Qe7 11. Qb3 Ne8 12. Rad1 f5 13. Rd2 Nc7 14. Rfd1 Ne6 15. h4 e4 16. Ng5 Ne5 17. c5 h6 18. Ngxe4 1-0

[Event "WC-2014-P-00011"]
[Site "LSS email"]
[Date "2014.02.03"]
[Round "?"]
[White "Broniek, Mariusz Maciej"]
[Black "Perepechenko, Vladislav"]
[Result "1-0"]
[WhiteElo "2150"]
[BlackElo "2174"]
[PlyCount "43"]
[EventDate "2014.02.10"]
[EventType "tourn (corr)"]
[EventRounds "12"]
[EventCountry "GER"]
[SourceTitle "Corr 2022"]
[Source "ChessBase"]
[SourceDate "2021.10.24"]
[SourceVersion "1"]
[SourceVersionDate "2021.10.24"]
[SourceQuality "1"]

1. e4 c5 2. Nf3 d6 3. d4 cxd4 4. Nxd4 Nf6 5. Nc3 a6 6. Be3 e5 7. Nb3 Be6 8. f3 Be7 9. Qd2 0-0 10. 0-0-0 Nbd7 11. g4 b5 12. g5 b4 13. Ne2 Ne8 14. f4 a5 15. f5 a4 16. fxe6 axb3 17. cxb3 fxe6 18. Bh3 Nc7 19. Kb1 Kh8 20. Bg2 Nb5 21. Qxb4 Bxg5 22. Bxg5 1-0

[Event "WC-2014-P-00011"]
[Site "LSS email"]
[Date "2014.02.03"]
[Round "?"]
[White "Engelhard, Christof"]
[Black "Perepechenko, Vladislav"]
[Result "1-0"]
[WhiteElo "2229"]
[BlackElo "2174"]
[PlyCount "33"]
[EventDate "2014.02.10"]
[EventType "tourn (corr)"]
[EventRounds "12"]
[EventCountry "GER"]
[SourceTitle "Corr 2022"]
[Source "ChessBase"]
[SourceDate "2021.10.24"]
[SourceVersion "1"]
[SourceVersionDate "2021.10.24"]
[SourceQuality "1"]

1. e4 c5 2. Nc3 Nc6 3. Nf3 d6 4. d4 cxd4 5. Nxd4 Nf6 6. Bg5 e6 7. Qd2 a6 8. 0-0-0 Bd7 9. f4 b5 10. a3 Be7 11. Nf3 h6 12. Bh4 Qc7 13. Kb1 Rd8 14. Bd3 Bc8 15. Rhf1 0-0 16. g4 b4 17. axb4 1-0

[Event "CP-2012-Q-00003"]
[Site "LSS email"]
[Date "2013.12.17"]
[Round "?"]
[White "Perepechenko, Vladislav"]
[Black "Wilke, Oliver"]
[Result "0-1"]
[WhiteElo "1807"]
[BlackElo "2042"]
[PlyCount "60"]
[EventDate "2013.12.22"]
[EventType "tourn (corr)"]
[EventRounds "6"]
[EventCountry "GER"]
[SourceTitle "Corr 2015"]
[Source "ChessBase"]
[SourceDate "2015.07.17"]
[SourceVersion "1"]
[SourceVersionDate "2015.07.17"]
[SourceQuality "1"]

1. e4 c5 2. Nf3 Nc6 3. Bb5 a6 4. Bxc6 bxc6 5. 0-0 e6 6. b3 Be7 7. d3 d5 8. e5 g5 9. Nc3 g4 10. Ne1 h5 11. Na4 Qc7 12. Qe2 Qa7 13. f3 g3 14. hxg3 Nh6 15. Bxh6 Rxh6 16. f4 Bd7 17. Qf2 a5 18. a3 Rg6 19. Nf3 Rg4 20. c4 Rb8 21. Rab1 Kf8 22. Kh2 Kg7 23. Rh1 Rh8 24. Kg1 Rh6 25. Rh3 Bc8 26. Rc1 Kg8 27. cxd5 exd5 28. Nxc5 Rg7 29. e6 Bd6 30. Rh4 fxe6 0-1

[Event "SA-2013-0-00379"]
[Site "LSS email"]
[Date "2013.11.20"]
[Round "?"]
[White "Kurowski, Andrzej"]
[Black "Perepechenko, Vladislav"]
[Result "1-0"]
[WhiteElo "2126"]
[BlackElo "2175"]
[PlyCount "65"]
[EventDate "2013.11.10"]
[EventType "tourn (corr)"]
[EventRounds "6"]
[EventCountry "GER"]
[SourceTitle "Corr 2022"]
[Source "ChessBase"]
[SourceDate "2021.10.24"]
[SourceVersion "1"]
[SourceVersionDate "2021.10.24"]
[SourceQuality "1"]

1. d4 Nf6 2. c4 g6 3. Nc3 Bg7 4. e4 d6 5. Be2 0-0 6. Nf3 e5 7. 0-0 Nc6 8. d5 Ne7 9. Ne1 Nd7 10. f3 f5 11. Be3 f4 12. Bf2 g5 13. Nd3 Nf6 14. c5 Ng6 15. a4 h5 16. a5 g4 17. a6 bxa6 18. Nb4 g3 19. hxg3 fxg3 20. Bxg3 h4 21. Nc6 Qd7 22. Bf2 Nh5 23. Bxa6 Bxa6 24. Rxa6 Bh6 25. cxd6 Qg7 26. f4 Ngxf4 27. Qf3 Ng3 28. Ne7+ Kh7 29. Bxg3 Nh3+ 30. gxh3 Rxf3 31. Rxf3 hxg3 32. Nf5 Qg5 33. Re3 1-0

[Event "SA-2013-0-00379"]
[Site "LSS email"]
[Date "2013.11.20"]
[Round "?"]
[White "Rolle, Hannes"]
[Black "Perepechenko, Vladislav"]
[Result "1/2-1/2"]
[WhiteElo "2275"]
[BlackElo "2175"]
[PlyCount "97"]
[EventDate "2013.11.10"]
[EventType "tourn (corr)"]
[EventRounds "6"]
[EventCountry "GER"]
[SourceTitle "Corr 2022"]
[Source "ChessBase"]
[SourceDate "2021.10.24"]
[SourceVersion "1"]
[SourceVersionDate "2021.10.24"]
[SourceQuality "1"]

1. d4 Nf6 2. c4 g6 3. Nc3 Bg7 4. e4 d6 5. Nf3 0-0 6. Be2 e5 7. 0-0 Nc6 8. d5 Ne7 9. Ne1 Nd7 10. Be3 f5 11. f3 f4 12. Bf2 g5 13. a4 a5 14. Nd3 b6 15. Be1 Nf6 16. Nf2 h5 17. h3 Kh8 18. Nb5 Neg8 19. b4 Rf7 20. bxa5 bxa5 21. c5 Bf8 22. Bd2 Nh6 23. c6 g4 24. fxg4 hxg4 25. hxg4 Rg7 26. Ra3 Nhxg4 27. Nxg4 Nxg4 28. Rh3+ Kg8 29. Rh1 Be7 30. Qe1 Bg5 31. Rf3 Nf6 32. Bd1 Bg4 33. Rc3 Bxd1 34. Qxd1 Nxe4 35. Rch3 Kf7 36. Qh5+ Kf6 37. Qg4 Qc8 38. Rh6+ Rg6 39. Rxg6+ Kxg6 40. Qxc8 Rxc8 41. Bxa5 Ra8 42. Bxc7 Rxa4 43. Bxd6 f3 44. gxf3 Ra1+ 45. Kg2 Ra2+ 46. Kh3 Nf2+ 47. Kg2 Ne4+ 48. Kh3 Nf2+ 49. Kg2 1/2-1/2

[Event "CP-2013-P-00042"]
[Site "LSS email"]
[Date "2013.09.30"]
[Round "?"]
[White "Husemann, Andreas"]
[Black "Perepechenko, Vladislav"]
[Result "1/2-1/2"]
[WhiteElo "2192"]
[BlackElo "2173"]
[PlyCount "59"]
[EventDate "2013.10.01"]
[EventType "tourn (corr)"]
[EventRounds "6"]
[EventCountry "GER"]
[SourceTitle "Corr 2022"]
[Source "ChessBase"]
[SourceDate "2021.10.24"]
[SourceVersion "1"]
[SourceVersionDate "2021.10.24"]
[SourceQuality "1"]

1. d4 Nf6 2. c4 g6 3. Nf3 Bg7 4. g3 0-0 5. Bg2 d6 6. 0-0 Nbd7 7. Nc3 e5 8. e4 c6 9. h3 Qb6 10. c5 dxc5 11. dxe5 Ne8 12. e6 fxe6 13. Ng5 Ne5 14. f4 Nf7 15. Nxf7 Bd4+ 16. Kh2 Rxf7 17. e5 Nc7 18. Ne4 Nd5 19. a4 a5 20. Ra3 Qc7 21. Nd6 Re7 22. Qc2 b6 23. Bd2 Ba6 24. Re1 Rd8 25. Raa1 Nb4 26. Bxb4 cxb4 27. Rad1 c5 28. h4 Rxd6 29. Bf1 Bxe5 30. Rxd6 1/2-1/2

[Event "SB-2013-0-00290"]
[Site "LSS email"]
[Date "2013.02.15"]
[Round "?"]
[White "Garcia, Manuel Valentim Per"]
[Black "Perepechenko, Vladislav"]
[Result "1-0"]
[WhiteElo "1987"]
[BlackElo "2069"]
[PlyCount "102"]
[EventDate "2013.02.03"]
[EventType "tourn (corr)"]
[EventRounds "6"]
[EventCountry "GER"]
[SourceTitle "Corr 2022"]
[Source "ChessBase"]
[SourceDate "2021.10.24"]
[SourceVersion "1"]
[SourceVersionDate "2021.10.24"]
[SourceQuality "1"]

1. d4 Nf6 2. Nf3 g6 3. c4 Bg7 4. g3 0-0 5. Bg2 d6 6. Nc3 Nbd7 7. 0-0 e5 8. e4 c6 9. h3 Qb6 10. Re1 exd4 11. Nxd4 Re8 12. Re2 Qb4 13. Rc2 Nc5 14. Bd2 Qb6 15. Be3 Qc7 16. f3 a5 17. Qd2 Nfd7 18. Rd1 a4 19. Kh2 Qb6 20. Nde2 Bf8 21. Nb1 Qd8 22. Bd4 Qe7 23. Na3 h5 24. Qe1 Bh6 25. Qf2 f5 26. exf5 Ne5 27. Bxe5 dxe5 28. f6 Qf8 29. Nc3 Bf5 30. Ne4 Bxe4 31. fxe4 Re6 32. f7+ Kg7 33. Rf1 Qe7 34. Qe1 h4 35. gxh4 Rf8 36. h5 gxh5 37. Rf5 Rxf7 38. Kh1 Rg6 39. Rc3 Bf4 40. Rxf7+ Qxf7 41. Nc2 Qd7 42. Ne3 Kf7 43. Nf1 Qd4 44. Qe2 Kf6 45. Nh2 Ke7 46. Rc2 Rg7 47. b3 Nd3 48. Nf3 Qa1+ 49. Qf1 Qxf1+ 50. Bxf1 Nc5 51. Nh4 Kf6 1-0

[Event "SB-2013-0-00289"]
[Site "LSS email"]
[Date "2013.02.13"]
[Round "?"]
[White "Perepechenko, Vladislav"]
[Black "Boda, Attila"]
[Result "1-0"]
[WhiteElo "1991"]
[BlackElo "1991"]
[PlyCount "67"]
[EventDate "2013.02.02"]
[EventType "tourn (corr)"]
[EventRounds "6"]
[EventCountry "GER"]
[SourceTitle "Telechess CBM 167"]
[Source "ChessBase"]
[SourceDate "2015.07.13"]
[SourceVersion "1"]
[SourceVersionDate "2015.07.13"]
[SourceQuality "1"]

1. d4 d5 2. c4 c6 3. Nf3 Nf6 4. Nc3 dxc4 5. a4 Bf5 6. e3 e6 7. Bxc4 Bb4 8. 0-0 0-0 9. Qe2 Nbd7 10. e4 Bg6 11. Bd3 Bh5 12. e5 Nd5 13. Nxd5 cxd5 14. Qe3 Be7 15. Bd2 Nb8 16. Ne1 Nc6 17. Qh3 Bg6 18. Bxg6 hxg6 19. Qd3 Qb6 20. Nf3 Bb4 21. a5 Qc7 22. Bxb4 Nxb4 23. Qd2 Qe7 24. Ra3 Rac8 25. Ng5 Nc6 26. Rh3 f6 27. exf6 Qxf6 28. Qe3 Rfe8 29. Rh4 Nxa5 30. f4 Qf5 31. g4 Qc2 32. Qh3 Kf8 33. Rh8+ Ke7 34. Qa3+ 1-0

[Event "SB-2013-0-00287"]
[Site "LSS email"]
[Date "2013.02.06"]
[Round "?"]
[White "Herzog, Klaus"]
[Black "Perepechenko, Vladislav"]
[Result "0-1"]
[WhiteElo "1855"]
[BlackElo "1972"]
[PlyCount "54"]
[EventDate "2013.01.31"]
[EventType "tourn (corr)"]
[EventRounds "6"]
[EventCountry "GER"]
[SourceTitle "Telechess CBM 161"]
[Source "ChessBase"]
[SourceDate "2014.07.16"]
[SourceVersion "1"]
[SourceVersionDate "2014.07.16"]
[SourceQuality "1"]

1. e4 c5 2. Nf3 d6 3. d4 cxd4 4. Nxd4 Nf6 5. Nc3 a6 6. Be3 e5 7. Nb3 Be6 8. Qd2 Nbd7 9. 0-0-0 b5 10. f4 Rc8 11. Kb1 Be7 12. f5 Bc4 13. g4 Nxg4 14. Rg1 Nxe3 15. Qxe3 Qb6 16. Qxb6 Nxb6 17. Rxg7 b4 18. Nd5 Nxd5 19. exd5 Bd8 20. Rg3 Bxf1 21. Rxf1 Rc4 22. h3 Kd7 23. f6 Rf4 24. Rxf4 exf4 25. Rf3 Rg8 26. Rxf4 Rg1+ 27. Nc1 Rd1 0-1

[Event "SB-2013-0-00287"]
[Site "LSS email"]
[Date "2013.02.06"]
[Round "?"]
[White "Wisham, Clyde"]
[Black "Perepechenko, Vladislav"]
[Result "0-1"]
[WhiteElo "1742"]
[BlackElo "1972"]
[PlyCount "122"]
[EventDate "2013.01.31"]
[EventType "tourn (corr)"]
[EventRounds "6"]
[EventCountry "GER"]
[SourceTitle "Telechess CBM 161"]
[Source "ChessBase"]
[SourceDate "2014.07.16"]
[SourceVersion "1"]
[SourceVersionDate "2014.07.16"]
[SourceQuality "1"]

1. d4 Nf6 2. Bf4 g6 3. e3 Bg7 4. Nf3 0-0 5. Be2 d6 6. h3 Nbd7 7. 0-0 b6 8. c4 Bb7 9. Nc3 Ne4 10. Nxe4 Bxe4 11. Nd2 Bb7 12. Bg5 h6 13. Bh4 c5 14. Bf3 Bxf3 15. Nxf3 g5 16. Bg3 f5 17. Qc2 Qe8 18. Rad1 Rc8 19. b3 Qg6 20. Bh2 b5 21. dxc5 Rxc5 22. Rd5 Rxd5 23. cxd5 Nb6 24. Qd3 Qf7 25. Qxb5 Nxd5 26. Qd3 Rc8 27. Nd4 Bxd4 28. Qxd4 Rc5 29. Kh1 Nc3 30. Ra1 a6 31. Bg1 Qe6 32. f3 Ne2 33. Qd3 Qe5 34. Rb1 Ng3+ 35. Kh2 Rc3 36. Qd4 Nf1+ 37. Kh1 Qxd4 38. exd4 Ng3+ 39. Kh2 Ne2 40. Rb2 Nf4 41. g3 Nd5 42. Kg2 f4 43. Bf2 Kf7 44. h4 gxh4 45. gxh4 Ke6 46. a4 Nb4 47. Be1 Rc2+ 48. Rxc2 Nxc2 49. Bd2 Nxd4 50. Bxf4 h5 51. b4 Kd5 52. Be3 Kc4 53. Bd2 d5 54. Kf2 e6 55. Be3 Nb3 56. b5 axb5 57. axb5 Kxb5 58. Ke2 Kc4 59. Bg5 Kc3 60. Bf6+ d4 61. Kd1 Kd3 0-1

[Event "SB-2013-0-00286"]
[Site "LSS email"]
[Date "2013.02.04"]
[Round "?"]
[White "Aberbach Peltzman, Angel Sergio"]
[Black "Perepechenko, Vladislav"]
[Result "1/2-1/2"]
[WhiteElo "2026"]
[BlackElo "2057"]
[PlyCount "61"]
[EventDate "2013.01.28"]
[EventType "tourn (corr)"]
[EventRounds "6"]
[EventCountry "GER"]
[SourceTitle "Corr 2022"]
[Source "ChessBase"]
[SourceDate "2021.10.24"]
[SourceVersion "1"]
[SourceVersionDate "2021.10.24"]
[SourceQuality "1"]

1. e4 c5 2. Nf3 d6 3. d4 cxd4 4. Nxd4 Nf6 5. Nc3 a6 6. Bg5 e6 7. f4 Be7 8. Qf3 Qc7 9. 0-0-0 Nbd7 10. g4 b5 11. Bxf6 Nxf6 12. g5 Nd7 13. f5 Nc5 14. f6 gxf6 15. gxf6 Bf8 16. Rg1 h5 17. Rg7 b4 18. Nd5 exd5 19. exd5 Nd7 20. Nc6 Bb7 21. Bh3 Bxc6 22. dxc6 Ne5 23. Bd7+ Kd8 24. Qe4 Qb6 25. Be6 Kc7 26. Bxf7 Nxc6 27. Kb1 Rd8 28. Bd5+ Bxg7 29. fxg7 Rhg8 30. Qh7 Qb8 31. b3 1/2-1/2

[Event "SB-2013-0-00286"]
[Site "LSS email"]
[Date "2013.02.04"]
[Round "?"]
[White "Hatsek, Werner"]
[Black "Perepechenko, Vladislav"]
[Result "0-1"]
[WhiteElo "2096"]
[BlackElo "2057"]
[PlyCount "94"]
[EventDate "2013.01.28"]
[EventType "tourn (corr)"]
[EventRounds "6"]
[EventCountry "GER"]
[SourceTitle "Corr 2022"]
[Source "ChessBase"]
[SourceDate "2021.10.24"]
[SourceVersion "1"]
[SourceVersionDate "2021.10.24"]
[SourceQuality "1"]

1. d4 Nf6 2. e3 g6 3. c4 Bg7 4. Nf3 0-0 5. Nc3 d6 6. Be2 Nbd7 7. 0-0 e5 8. b3 Re8 9. Bb2 e4 10. Nd2 Nf8 11. b4 Qe7 12. Qc2 Bf5 13. h3 h5 14. Rfd1 Ne6 15. Qb3 Ng5 16. Rdc1 Qd7 17. h4 Ngh7 18. Rab1 a6 19. a4 g5 20. hxg5 Nxg5 21. Nd5 Nxd5 22. cxd5 h4 23. Qd1 h3 24. g3 Rec8 25. Ba1 b5 26. Bb2 Nh7 27. g4 Bg6 28. Qf1 Ng5 29. axb5 axb5 30. Ra1 Rxa1 31. Rxa1 Rf8 32. Kh1 f5 33. Bxb5 Qf7 34. Qe2 Bh6 35. Rg1 f4 36. Bc1 h2 37. Rd1 fxe3 38. fxe3 Nh3 39. Rf1 Nf2+ 40. Kxh2 Bxe3 41. Qxe3 Nxg4+ 42. Kg1 Nxe3 43. Rxf7 Kxf7 44. Nxe4 Nxd5 45. Ng3 Nxb4 46. Bd2 Rb8 47. Bf1 Nd3 0-1

[Event "SB-2013-0-00286"]
[Site "LSS email"]
[Date "2013.02.04"]
[Round "?"]
[White "Perepechenko, Vladislav"]
[Black "Obukhov, Gennady Nikolaevich"]
[Result "1-0"]
[WhiteElo "2057"]
[BlackElo "2017"]
[PlyCount "32"]
[EventDate "2013.01.28"]
[EventType "tourn (corr)"]
[EventRounds "6"]
[EventCountry "GER"]
[SourceTitle "Corr 2022"]
[Source "ChessBase"]
[SourceDate "2021.10.24"]
[SourceVersion "1"]
[SourceVersionDate "2021.10.24"]
[SourceQuality "1"]

1. d4 d5 2. c4 Bf5 3. cxd5 Bxb1 4. Qa4+ c6 5. Rxb1 Qxd5 6. Nf3 Nf6 7. e3 Nbd7 8. b4 a5 9. b5 c5 10. b6 e6 11. Bb5 Be7 12. Ne5 Rd8 13. 0-0 0-0 14. Nxd7 Nxd7 15. Be2 cxd4 16. Bf3 Bd6 1-0

[Event "RC-2012-0-00112"]
[Site "LSS email"]
[Date "2013.01.09"]
[Round "?"]
[White "Kazimierski, Tomasz"]
[Black "Perepechenko, Vladislav"]
[Result "0-1"]
[WhiteElo "1824"]
[BlackElo "1975"]
[PlyCount "70"]
[EventDate "2012.11.21"]
[EventType "tourn (corr)"]
[EventRounds "6"]
[EventCountry "GER"]
[SourceTitle "Corr 2022"]
[Source "ChessBase"]
[SourceDate "2021.10.24"]
[SourceVersion "1"]
[SourceVersionDate "2021.10.24"]
[SourceQuality "1"]

1. d4 Nf6 2. Nf3 g6 3. c4 Bg7 4. Nc3 0-0 5. e4 d6 6. h3 e5 7. d5 a5 8. Bg5 Nbd7 9. Bd3 Nc5 10. Bc2 h6 11. Be3 Nh5 12. 0-0 Qf6 13. Nb5 Na6 14. Bd2 c6 15. Nc3 Nf4 16. a3 Nc5 17. Be3 a4 18. Re1 Bd7 19. Bxc5 dxc5 20. Bxa4 Rfd8 21. Re3 h5 22. Bc2 b5 23. Bb3 Bh6 24. Qf1 b4 25. Nb1 g5 26. Nh2 Qg6 27. Nd2 g4 28. hxg4 hxg4 29. Qe1 cxd5 30. cxd5 Kg7 31. Nhf1 Rh8 32. Ng3 Bg5 33. Ndf1 Bb5 34. axb4 Rxa1 35. Qxa1 Bxf1 0-1

[Event "RC-2012-0-00112"]
[Site "LSS email"]
[Date "2013.01.09"]
[Round "?"]
[White "Perepechenko, Vladislav"]
[Black "Willmann, Bernd"]
[Result "1-0"]
[WhiteElo "1972"]
[BlackElo "1908"]
[PlyCount "87"]
[EventDate "2012.11.21"]
[EventType "tourn (corr)"]
[EventRounds "6"]
[EventCountry "GER"]
[SourceTitle "Telechess CBM 159"]
[Source "ChessBase"]
[SourceDate "2014.03.17"]
[SourceVersion "1"]
[SourceVersionDate "2014.03.17"]
[SourceQuality "1"]

1. c4 e5 2. Nc3 Nf6 3. g3 d5 4. cxd5 Nxd5 5. Bg2 Nb6 6. Nf3 Nc6 7. 0-0 Be7 8. a3 0-0 9. b4 Be6 10. Rb1 a6 11. d3 f5 12. Nd2 Qd6 13. Nb3 Rab8 14. Nc5 Bf7 15. Bb2 a5 16. Nb5 Qf6 17. Bc3 axb4 18. axb4 Rfd8 19. Nxc7 Bf8 20. Qe1 Qe7 21. Bxc6 bxc6 22. N7a6 Ra8 23. e4 f4 24. Ra1 Ra7 25. f3 Nd7 26. Qf2 Rda8 27. Nxd7 Qxd7 28. Nc5 Qd6 29. Rxa7 Rxa7 30. Ra1 Rxa1+ 31. Bxa1 h5 32. Kg2 g5 33. gxf4 gxf4 34. d4 exd4 35. Qxd4 Qxd4 36. Bxd4 Bc4 37. Be5 Bh6 38. h4 Kf8 39. Kf2 Ke7 40. Ke1 Kf7 41. Kd2 Bf8 42. Bxf4 Be7 43. Bg5 Bxc5 44. bxc5 1-0

[Event "RC-2012-0-00110"]
[Site "LSS email"]
[Date "2012.12.07"]
[Round "?"]
[White "Perepechenko, Vladislav"]
[Black "Pilgram, Kurt"]
[Result "1-0"]
[WhiteElo "1948"]
[BlackElo "1751"]
[PlyCount "53"]
[EventDate "2012.10.31"]
[EventType "tourn (corr)"]
[EventRounds "6"]
[EventCountry "GER"]
[SourceTitle "Telechess CBM 159"]
[Source "ChessBase"]
[SourceDate "2014.03.17"]
[SourceVersion "1"]
[SourceVersionDate "2014.03.17"]
[SourceQuality "1"]

1. c4 Nf6 2. d4 g6 3. Nc3 Bg7 4. e4 d6 5. f3 a6 6. Be3 0-0 7. Qd2 Nbd7 8. Nge2 c5 9. 0-0-0 Qa5 10. Kb1 b5 11. dxc5 b4 12. Nd5 Nxd5 13. cxd5 Nxc5 14. Rc1 Bd7 15. h4 h5 16. Nd4 Rfc8 17. Bc4 Bb5 18. g4 Nxe4 19. fxe4 Bxc4 20. Rxc4 Rxc4 21. gxh5 e5 22. Nc6 Qb5 23. h6 Bf8 24. h5 b3 25. axb3 Qxb3 26. hxg6 fxg6 27. Na5 1-0

[Event "RC-2012-0-00110"]
[Site "LSS email"]
[Date "2012.12.07"]
[Round "?"]
[White "Townsend, John"]
[Black "Perepechenko, Vladislav"]
[Result "0-1"]
[WhiteElo "1709"]
[BlackElo "1948"]
[PlyCount "102"]
[EventDate "2012.10.31"]
[EventType "tourn (corr)"]
[EventRounds "6"]
[EventCountry "GER"]
[SourceTitle "Telechess CBM 159"]
[Source "ChessBase"]
[SourceDate "2014.03.17"]
[SourceVersion "1"]
[SourceVersionDate "2014.03.17"]
[SourceQuality "1"]

1. e4 c5 2. Nf3 d6 3. d4 cxd4 4. Nxd4 Nf6 5. Nc3 a6 6. Be2 e5 7. Nb3 Be7 8. 0-0 0-0 9. Be3 Be6 10. a4 Nbd7 11. a5 Rc8 12. Qd2 Qc7 13. Rfc1 Nc5 14. Nxc5 dxc5 15. Bf3 h6 16. Qe2 Qc6 17. g4 Rfe8 18. g5 hxg5 19. Bxg5 Rcd8 20. Bxf6 Bxf6 21. Nd5 Bg5 22. Rd1 Bxd5 23. Rxd5 Rxd5 24. exd5 Qg6 25. Bg2 e4 26. Ra3 Qd6 27. Ra4 e3 28. fxe3 Rxe3 29. Qg4 Re1+ 30. Kf2 Re5 31. Qc8+ Bd8 32. Re4 Rxe4 33. Bxe4 g6 34. Kg2 Kg7 35. Qxb7 Bc7 36. Qb3 Qxh2+ 37. Kf1 Qf4+ 38. Qf3 Qc1+ 39. Ke2 Qxb2 40. Qe3 c4 41. Qg5 Bxa5 42. d6 Qc3 43. Qe3 Qe1+ 44. Kf3 Qxe3+ 45. Kxe3 Bb6+ 46. Kd2 f5 47. Bd5 g5 48. Bxc4 a5 49. Bb5 g4 50. Ke2 f4 51. Bc6 f3+ 0-1

[Event "RC-2012-0-00110"]
[Site "LSS email"]
[Date "2012.12.05"]
[Round "?"]
[White "Perepechenko, Vladislav"]
[Black "Ress, Jacques"]
[Result "1/2-1/2"]
[WhiteElo "1948"]
[BlackElo "1957"]
[PlyCount "87"]
[EventDate "2012.10.31"]
[EventType "tourn (corr)"]
[EventRounds "6"]
[EventCountry "GER"]
[SourceTitle "Telechess CBM 159"]
[Source "ChessBase"]
[SourceDate "2014.03.17"]
[SourceVersion "1"]
[SourceVersionDate "2014.03.17"]
[SourceQuality "1"]

1. d4 d6 2. c4 e5 3. Nf3 e4 4. Ng5 f5 5. Nc3 c6 6. Nh3 Be7 7. g3 Nf6 8. Bg2 Na6 9. 0-0 0-0 10. f3 exf3 11. exf3 Nc7 12. Re1 Re8 13. Bf1 Bf8 14. Be3 d5 15. Nf4 dxc4 16. Bxc4+ Kh8 17. Qd2 b5 18. Bf7 Re7 19. Bb3 Qd6 20. Kg2 a5 21. a3 Ba6 22. Bf2 Rxe1 23. Rxe1 c5 24. Nd3 c4 25. Ne5 Kg8 26. Ba2 a4 27. h3 Ncd5 28. g4 Nxc3 29. Qxc3 Nd5 30. Qd2 Bc8 31. Bg3 Qf6 32. Bb1 g6 33. Re2 Bg7 34. Kh1 f4 35. Bf2 Bb7 36. Be4 Qb6 37. Kg1 Rc8 38. Kg2 Bh6 39. Nd7 Qd6 40. Nc5 Ne3+ 41. Bxe3 fxe3 42. Qa5 Bxe4 43. Nxe4 Qxd4 44. Qxb5 1/2-1/2

[Event "RC-2012-0-00109"]
[Site "LSS email"]
[Date "2012.11.29"]
[Round "?"]
[White "Bujdak, Pavol"]
[Black "Perepechenko, Vladislav"]
[Result "0-1"]
[WhiteElo "1601"]
[BlackElo "1972"]
[PlyCount "98"]
[EventDate "2012.10.10"]
[EventType "tourn (corr)"]
[EventRounds "6"]
[EventCountry "GER"]
[SourceTitle "Telechess CBM 159"]
[Source "ChessBase"]
[SourceDate "2014.03.17"]
[SourceVersion "1"]
[SourceVersionDate "2014.03.17"]
[SourceQuality "1"]
[WhiteTeam "IWEC (Canada)"]

1. e4 c6 2. d4 d5 3. Nc3 dxe4 4. Nxe4 Bf5 5. Ng3 Bg6 6. N1e2 e6 7. Nf4 Bd6 8. c3 Nf6 9. h4 Qc7 10. Qf3 Nbd7 11. h5 Bc2 12. h6 gxh6 13. Bd3 Bxd3 14. Nxd3 Bxg3 15. fxg3 Rg8 16. Bf4 Qa5 17. 0-0 Qh5 18. Bc7 Qxf3 19. Rxf3 Ne4 20. Re1 f5 21. c4 Ndf6 22. Nf2 Nxf2 23. Kxf2 Kf7 24. Rb3 Rge8 25. Be5 Ng4+ 26. Kf3 Re7 27. Bd6 Rd7 28. c5 a5 29. a4 h5 30. Rd3 Nf6 31. Be5 Rg8 32. Bxf6 Kxf6 33. Rde3 Re8 34. Rd3 Kf7 35. Re5 Rg8 36. Rb3 h6 37. Rbe3 Rg6 38. Rd3 Rg4 39. Rde3 h4 40. gxh4 Rdxd4 41. Rxe6 Rdf4+ 42. Ke2 Rxg2+ 43. Kd3 Rxb2 44. Rxh6 Rxa4 45. Kc3 Rh2 46. Ree6 Rh3+ 47. Kb2 Rg4 48. Rd6 Rg2+ 49. Kc1 Rh1+ 0-1

[Event "CP-2012-P-00003"]
[Site "LSS email"]
[Date "2012.10.01"]
[Round "?"]
[White "Enin, Anatolij"]
[Black "Perepechenko, Vladislav"]
[Result "1/2-1/2"]
[WhiteElo "2220"]
[BlackElo "1939"]
[PlyCount "89"]
[EventDate "2012.10.05"]
[EventType "tourn (corr)"]
[EventRounds "6"]
[EventCountry "GER"]
[SourceTitle "Corr 2022"]
[Source "ChessBase"]
[SourceDate "2021.10.24"]
[SourceVersion "1"]
[SourceVersionDate "2021.10.24"]
[SourceQuality "1"]

1. e4 c5 2. Nf3 d6 3. d4 cxd4 4. Nxd4 Nf6 5. Nc3 a6 6. Be3 e5 7. Nb3 Be6 8. f3 Be7 9. Qd2 0-0 10. 0-0-0 Nbd7 11. g4 b5 12. g5 b4 13. Ne2 Ne8 14. f4 a5 15. f5 a4 16. Nbd4 exd4 17. Nxd4 b3 18. Kb1 bxc2+ 19. Nxc2 Bb3 20. axb3 axb3 21. Na3 Ne5 22. h4 Ra4 23. Qg2 Qa8 24. Bd4 Nc7 25. h5 Rb8 26. f6 Bf8 27. g6 Ne6 28. Bxe5 dxe5 29. Rd7 Nf4 30. Qf3 Rxa3 31. gxf7+ Kh8 32. bxa3 Qxa3 33. fxg7+ Bxg7 34. Rh2 Rc8 35. Rb2 Ra8 36. Qxb3 Qa1+ 37. Kc2 Rc8+ 38. Bc4 Qe1 39. f8Q+ Bxf8 40. Rxh7+ Kxh7 41. Qb7+ Kh6 42. Qxc8 Qf2+ 43. Kb3 Qb6+ 44. Kc2 Qf2+ 45. Kb3 1/2-1/2

[Event "CP-2012-P-00003"]
[Site "LSS email"]
[Date "2012.10.01"]
[Round "?"]
[White "Flores, Luis"]
[Black "Perepechenko, Vladislav"]
[Result "1/2-1/2"]
[WhiteElo "2123"]
[BlackElo "1939"]
[PlyCount "66"]
[EventDate "2012.10.05"]
[EventType "tourn (corr)"]
[EventRounds "6"]
[EventCountry "GER"]
[SourceTitle "Corr 2022"]
[Source "ChessBase"]
[SourceDate "2021.10.24"]
[SourceVersion "1"]
[SourceVersionDate "2021.10.24"]
[SourceQuality "1"]

1. e4 c5 2. Nf3 d6 3. d4 cxd4 4. Nxd4 Nf6 5. Nc3 a6 6. Be3 e5 7. Nb3 Be6 8. f3 Be7 9. Qd2 0-0 10. 0-0-0 Nbd7 11. g4 b5 12. g5 b4 13. Ne2 Ne8 14. f4 a5 15. f5 a4 16. Nbd4 exd4 17. Nxd4 b3 18. Kb1 bxc2+ 19. Nxc2 Bb3 20. axb3 axb3 21. Na3 Ne5 22. h4 Ra4 23. Qg2 Qa8 24. Bd4 Nc7 25. h5 Rb8 26. g6 fxg6 27. h6 gxh6 28. Bxe5 dxe5 29. fxg6 Bg5 30. Qf3 hxg6 31. Rd7 Qxe4+ 32. Qxe4 Rxe4 33. Bc4+ Rxc4 1/2-1/2